Disney characters by colors - Statistics

General Stats
  • This quiz has been taken 140 times
  • The average score is 10 of 12
Answer Stats
Picture Answer % Correct
Nemo
98%
Elsa
97%
Dory
96%
Dumbo
94%
Belle
93%
Bambi
92%
Lightning Mcqueen
87%
Piglet
82%
Fear
81%
Baymax
74%
Mike Wazowski
55%
Bagheera
49%
No matching quizzes found
Score Distribution
Percent of People with Each Score
Percentile by Number Answered
Your Score History
You have not taken this quiz